Statistics for Foods in the Answer

Click here to take the quiz!

General Stats

  • This quiz has been taken 10,704 times
  • The average score is 12 of 22

Answer Stats

HintAnswer% Correct
Photographer's favorite wordsSay {Cheese}
96%
Man who buys gifts for a
younger woman
{Sugar} Daddy
96%
Best invention since … ever?Sliced {Bread}
95%
The very best{Cream} of the Crop
76%
Had a lonely hearts club bandSergeant {Pepper}
75%
Pellet gun{Pea} Shooter
71%
Western movie directed
by an Italian
{Spaghetti} Western
69%
With the candlestick in
the conservatory
Colonel {Mustard}
65%
Wrestler's ailment{Cauliflower} Ear
61%
You're a gonerYour {Goose} is
Cooked
57%
Accountant{Bean} Counter
56%
Bunch spoilerBad {Apple}
55%
Motivational method{Carrot} and Stick
52%
Slang for mustache{Soup} Strainer
48%
Another name for Jesus{Lamb} of God
43%
Small spherical firework{Cherry} Bomb
42%
Slippery sea creatureSea {Cucumber}
42%
"Accurate" name
for American football
Hand{egg}
37%
Uranium powderYellow{cake}
33%
Punny way to start saying grace{Lettuce} Pray
27%
Famous palindromeSit on a {Potato}
Pan, Otis
16%
Cold War parable by Dr. Seuss{Butter} Battle Book
15%

Score Distribution

Percentile by Number Answered

Percent of People with Each Score

Your Score History

You have not taken this quiz